[Event "Olympiad-38"]
[Site "Dresden"]
[Date "2008.11.16"]
[Round "4"]
[White "Radjabov, Teimour"]
[Black "Kamsky, Gata"]
[Result "1-0"]
[WhiteElo "2751"]
[BlackElo "2729"]
[Annotator "Krasenkow,M"]
[PlyCount "71"]
[EventDate "2008.11.13"]
[EventType "team-swiss"]
[EventRounds "11"]
[EventCountry "GER"]
[SourceTitle "CBM 128"]
[Source "ChessBase"]
[SourceDate "2009.01.28"]
[SourceVersion "1"]
[SourceVersionDate "2009.01.28"]
[SourceQuality "1"]
[WhiteTeam "Azerbaijan"]
[BlackTeam "US of America"]
[WhiteTeamCountry "AZE"]
[BlackTeamCountry "USA"]

1. d4 Nf6 2. c4 g6 3. Nc3 d5 4. cxd5 Nxd5 5. e4 Nxc3 6. bxc3 Bg7 7. Be3 c5 8.
Rc1 Qa5 9. Qd2 cxd4 10. cxd4 Qxd2+ 11. Kxd2 O-O 12. Bd3 (12. Nf3 {, leading to
the main theoretical line, and}) (12. Bb5 {are more popular options.}) 12... e6
(12... Nc6 $142 $1 13. Ne2 {was examined in CBM 69, and nothing new has been
played since:} Rd8 14. Rc4 f5 $1 15. Rb1 (15. f3 fxe4 16. fxe4 Bg4 17. Rb1 Rd7
18. d5 Ne5 19. Rcb4 Nxd3 20. Kxd3 b6 21. Nd4 Rb7 22. a4 Rc8 {1/2 Kostic,V 
(2402)-Dvoirys,S (2590)/Oberwart 1999/EXT 2000}) 15... fxe4 $1 16. Bxe4 Bf5 17.
Bxf5 gxf5 18. Ke1 Rd7 19. f3 Rad8 20. Kf2 Kf7 21. Rb5 e6 22. a4 Bf6 23. g4 $1
$11 {1/2 Van Wely,L (2635)-Sutovsky,E (2575)/Pamplona 1999/CBM 069/[Krasenkow]
(29)}) 13. Ne2 Nc6 14. Rc4 {A typical arrangement in this structure.} Rd8 (
14... Bd7 15. Rb1 b6 $6 (15... Rfd8) 16. Rbc1 Rfc8 $6 (16... Rac8 $142) 17. e5
{[%cal Rd3e4]} Ne7 18. Rc7 Rd8 19. Bg5 Kf8 20. Be4 Rac8 21. Rxd7 {1-0 Panczyk,
K (2425)-Carlhammar,M (2280)/Gothenburg 1992/EXT 2000}) 15. Rb1 Bd7 16. Nc3 $5
$146 (16. Bg5 f6 17. Be3 Bf8 18. Rcc1 Ba3 19. Rc2 Bb4+ 20. Kc1 Bd6 21. Bd2 b6
22. Ba6 Rab8 $11 {1/2 Petit,E (2260)-Jansa,V (2480)/Benasque 1998/EXT 2002 (58)
}) 16... Be8 17. e5 {White starts his kingside attack (a "second front").
Still, Black's position is very solid.} Rab8 (17... Na5 18. Rc5 b6 19. Rc7 Bc6
20. g4 $5 $14) 18. f4 Bf8 19. g4 Be7 20. h4 $5 (20. Bf2) 20... f6 $5 (20...
Bxh4 21. g5 b5 $1 22. Nxb5 Nxe5 23. fxe5 Rxb5 24. Rh1 Rb2+ 25. Kc3 Bf2 26. Rh2
$1 Bxe3 27. Rxb2 Bxg5 $14) 21. h5 $6 {A dubious pawn sac.} (21. g5 f5 $11) (21.
Ne4 $5 fxe5 22. fxe5 b5 23. Rcc1 Nxd4 24. Rc7 Nc6 25. Ke2 $44) 21... gxh5 22.
gxh5 Bxh5 23. Rg1+ Bg6 (23... Kf7 $5 24. f5 $5 exf5 25. e6+ Kxe6 26. d5+ Rxd5
27. Nxd5 Kxd5 $15) 24. f5 $5 (24. Bxg6 hxg6 25. Rxg6+ Kf7 $15) 24... exf5 25.
e6 {[%csl Ge6]} Kf8 26. Bh6+ Ke8 {[%cal Ye8e7,Ye7b4]} 27. Nb5 Bb4+ 28. Ke3 Ke7
29. Bf4 (29. Nxa7 Rd6 $1 30. Rb1 $1 f4+ $1 31. Bxf4 Rxe6+ 32. Kf3 Bxd3 33.
Nxc6+ bxc6 34. Rcxb4 $15) 29... Kxe6 $4 {[%mdl 8192] A sudden blunder.} (29...
a6 $1 30. Na7 $1 (30. Bxb8 axb5 $19) 30... Bd6 $1 31. Rxc6 $1 bxc6 32. Nxc6+
Kxe6 33. Nxb8 Bxf4+ 34. Kxf4 Rxb8 35. Bxa6 Kd5 $15 {Despite Black's material
advantage, he can hardly win.}) 30. d5+ $1 Kf7 (30... Kxd5 $4 31. Nc7#) (30...
Rxd5 31. Nc7+) 31. dxc6 bxc6 32. Rxb4 cxb5 33. Bxb8 f4+ 34. Kxf4 Bxd3 35. Bxa7
Ra8 36. Rd4 1-0

[Event "Elista FIDE GP"]
[Site "Elista"]
[Date "2008.12.16"]
[Round "3"]
[White "Radjabov, Teimour"]
[Black "Kasimdzhanov, Rustam"]
[Result "1-0"]
[WhiteElo "2751"]
[BlackElo "2672"]
[Annotator "Radjabov,T"]
[PlyCount "69"]
[EventDate "2008.12.14"]
[EventType "tourn"]
[EventRounds "13"]
[EventCountry "RUS"]
[EventCategory "19"]
[SourceTitle "CBM 128"]
[Source "ChessBase"]
[SourceDate "2009.01.28"]
[SourceVersion "1"]
[SourceVersionDate "2009.01.28"]
[SourceQuality "1"]

{A very sharp game in what has been one of the most topical lines of the
Dragon recently. With a big theoretical battle.} 1. e4 c5 2. Nf3 d6 3. d4 cxd4
4. Nxd4 Nf6 5. Nc3 g6 6. Be3 Bg7 7. f3 Nc6 8. Qd2 O-O 9. Bc4 {Now we have
reached the main position of the Dragon.} Bd7 10. O-O-O Rc8 11. Bb3 Ne5 {
The most topical move nowadays, Black heads for c4 blocking b3 bishop thus
decreasing White's attacking potential.} (11... Nxd4 12. Bxd4 b5 {This line
was used by Azeri players not long ago. There is a lot of theory developed by
Azeri players with many sharp variations and lines.}) 12. h4 h5 13. Kb1 Re8 14.
g4 hxg4 15. h5 Nxh5 16. Bh6 Kh7 17. Bxg7 Kxg7 18. fxg4 Bxg4 19. Nf5+ Bxf5 20.
exf5 Rh8 {Now this position is reached by force. I had prepared an interesting
idea, which was very hard to meet I think and Rustam didn't manage; but still
I am not sure about Black's best move.} 21. fxg6 Nxg6 22. Ne4 $5 $146 Nf6 23.
Rdf1 $5 Rxh1 (23... Nxe4 24. Rxf7+) 24. Rxh1 d5 (24... Nxe4 $4 25. Qh6+ Kf6 26.
Rf1+ Ke5 27. Qh5+ $18) (24... e6 25. Qh6+ Kg8 26. Bxe6 $18) 25. Nxf6 Kxf6 {
White has many ways to play here, Qh6, Bxd5 and so on. But Qf2 seemed
interesting too.} (25... exf6 $6 26. Bxd5 {And White retains a very unpleasant
initiative!}) 26. Qf2+ Kg7 (26... Ke6 27. Rd1 $18) 27. Rf1 f6 {Now there are
tons of possibilities for White, I went for 28.Qf5.} (27... Qe8 28. Bxd5 e6 29.
Bxb7 $16 (29. Be4 Qe7 30. Qd4+ {And xa7 with big advantage for White.} e5 31.
Qxa7 Rc7 32. Qe3 $16) 29... Rc4 30. Ba6 {And Qxa7 with a pawn up for White.} (
30. Qf6+ Kg8 31. Ba6 $16)) 28. Qf5 $5 {Now it's very hard to find anything
promising for Black.} Rc6 $6 {Maybe 28...Rc5 was somewhat better, but White
retains his attack.} 29. Rg1 $1 {Natural and strong!} Qe8 30. Bxd5 (30. Ba4 {
This was probably winning as I thought during the game, but Bxd5 seemed more
clear to me.} e6 31. Bxc6 bxc6 32. Qf2 Qf7 33. Rg3 $1 {And I didnt see how
Black defends, still I didn't want to create passers for Black, and decided
that Bxd5 is more clean.}) 30... Rc5 (30... e6 $2 31. Bxc6) 31. Qe6 $1 {
Precision till the end! All black pieces are paralysed and it's not clear
which piece to move even. Only the rook has some moves, so Rustam goes for it.}
Rb5 32. c4 Rb6 33. Qh3 $1 e6 (33... f5 {which I considered to be the best over
the board seems not enough to put up much resistance either.} 34. Qxf5 $5 {
might be the most precise.} (34. Rh1 e6 35. c5 (35. Qc3+ e5 36. Qh3 e4 37. Qxf5
e3 38. Re1 $18) 35... exd5 36. cxb6 Qe4+ 37. Ka1 axb6 38. Qc3+ d4 39. Qc7+ Ne7
40. Rd1 $16) 34... Rf6 35. Qh3 b6 36. Be4 e5 37. Qh5 {And now Black is in
zugzwang! He has to move a pawn, otherwise his king is too weakened if the
rook leaves the f-file or the queen goes to e6.} a5 (37... Rd6 38. Rh1 $18) (
37... Qe6 38. b4 $18 (38. Rh1 Qxc4 39. Bf5 Rxf5 40. Qxf5 Qd4 41. Qc2 $18)) 38.
Rh1 Rf4 39. Qh6+ Kf6 40. Bc2 e4 41. Rg1 Rf5 42. Qe3 $18) 34. Bf3 $1 (34. Be4 f5
35. Qc3+ Kf7 36. c5 $18 {But I didnt want to allow ...Rc6 here, still after it
Qg3 is winning easily.}) 34... Qd8 (34... f5 $1 35. c5 Rc6 $8 36. Qg3 Rxc5 (
36... e5 37. Bxc6 bxc6 38. Qd3 Kf6 39. Qd6+ Kg7 40. Qc7+ $1 (40. Rg5 f4 41. Rf5
Kh6 42. Kc2 {Black is paralysed and White is just winning easily.} a5 43. Rf6 (
43. b3 a4 44. Rf6) 43... Kg5 44. Qxc6 Qxc6 45. Rxc6 f3 46. Kd2 Nf4 47. Ke3 Kg4
48. Rd6 Kg3 49. Rd2 $18) 40... Kf6 41. Qh7 f4 42. Qh6 Qf7 43. Rd1 Kf5 44. Rd7
$3 {And White wins, amazing geometry!}) 37. Qd6 Rc4 38. Bh5 $18) 35. Qg2 $1 {
And now in view of Qd3-Ka1 followed by Be4, White wins the game easily. Black
resigned.} 1-0

[Event "Elista FIDE GP"]
[Site "Elista"]
[Date "2008.12.21"]
[Round "7"]
[White "Inarkiev, Ernesto"]
[Black "Radjabov, Teimour"]
[Result "1-0"]
[WhiteElo "2669"]
[BlackElo "2751"]
[Annotator "RR"]
[PlyCount "123"]
[EventDate "2008.12.14"]
[EventType "tourn"]
[EventRounds "13"]
[EventCountry "RUS"]
[EventCategory "19"]
[SourceTitle "CBM 128"]
[Source "ChessBase"]
[SourceDate "2009.01.28"]
[SourceVersion "1"]
[SourceVersionDate "2009.01.28"]
[SourceQuality "1"]

1. e4 c5 2. Nf3 d6 3. d4 cxd4 4. Nxd4 Nf6 5. Nc3 g6 6. Be3 Bg7 7. f3 Nc6 8. Qd2
O-O 9. O-O-O d5 10. Qe1 e5 11. Nxc6 bxc6 12. exd5 Nxd5 13. Bc4 Be6 14. Ne4 Qc7
15. Bc5 Rfd8 16. h4 h6 17. h5 f5 18. Nf2 Nf4 19. Bxe6+ Nxe6 20. Bb4 g5 21. Bc3
Rxd1+ 22. Nxd1 Nf4 23. Ne3 Qf7 24. Kb1 Nd5 25. Nc4 Rb8 26. Bd2 Qe7 27. c3 e4
28. fxe4 fxe4 29. Qg3 Rd8 30. Qg4 e3 $19 31. Bc1 e2 32. Re1 Nf4 33. Ne3 Qe4+
34. Ka1 Re8 35. Qd7 Re7 36. Qd2 Nd3 $6 (36... Qd3 $19) 37. Rxe2 Nxc1 38. Qxc1
Be5 39. Qe1 $2 (39. Qc2 Bf4 40. Nf5 Qxe2 41. Nxe7+ Qxe7 42. Qg6+ Qg7 43. Qxc6
$17) 39... Qd3 $4 (39... Bd6 40. b4 Re8 41. g3 Bc7 $19 {[%cal Gc7b6]}) 40. Rd2
Bxc3 41. Rxd3 Bxe1 42. Nf5 Re2 43. Re3 Rxe3 44. Nxe3 Bb4 45. Kb1 Kf7 46. Kc2
Bf8 47. Kd3 Kf6 48. Ke4 g4 49. Nxg4+ Kg5 50. Ne5 c5 51. b3 Bg7 52. Nc6 Kxh5 53.
Nxa7 Kg4 54. a4 Kg3 55. a5 h5 56. a6 h4 57. Nb5 Kxg2 58. a7 h3 59. a8=Q h2 60.
Qa2+ Kg1 61. Qb1+ Kg2 62. Qc2+ 1-0

[Event "Elista FIDE GP"]
[Site "Elista"]
[Date "2008.12.25"]
[Round "10"]
[White "Radjabov, Teimour"]
[Black "Alekseev, Evgeny V"]
[Result "1-0"]
[WhiteElo "2751"]
[BlackElo "2715"]
[Annotator "Radjabov,T"]
[PlyCount "107"]
[EventDate "2008.12.14"]
[EventType "tourn"]
[EventRounds "13"]
[EventCountry "RUS"]
[EventCategory "19"]
[SourceTitle "CBM 128"]
[Source "ChessBase"]
[SourceDate "2009.01.28"]
[SourceVersion "1"]
[SourceVersionDate "2009.01.28"]
[SourceQuality "1"]

{The game starts with many transpositions, so I will try to comment from the
point where the position is more or less clarified and we get some known
position:} 1. c4 e6 2. Nf3 Nf6 3. g3 b6 {Here already it's a very big and old
line, with many transpositions, for example d4 transposes to the main lines.}
4. Bg2 Bb7 {In the evnt of d4 now, we get the ...Bb7 line of the very well
known system, where Black mostly goes for ...Ba6, but here he has the bishop
already standing on b7. I decided to go for a somwehat less clear-cut
structure.} 5. O-O Be7 {Who will be first to make central pawn moves, after
which, positions and plans will be more clear?} 6. b3 O-O 7. Bb2 d5 {Black
decides to the clarify structure first. I was expecting him to do so, because
there are not so many useful moves left.} 8. e3 {A flexible centre. White
still hasn't decided where to put the d-pawn. It depends on Black's choice too.
} Nbd7 {Alekseev puts pieces in a very natural way. Now Black's position looks
very flexible and he has to decide which plan to come up with.} 9. Nc3 a6 10.
Qe2 {I did this to pressurize d5 for a while, as cxd5 is in the offing now.}
Bd6 {The setup Bd6-Qe7 is very natural, followed by ...Ba3 or an e-pawn march.}
11. d3 {Again flexibility. Now e4, cxd5 followed by e4, or the plan invented
in the game is threatened.} Qe7 (11... c5 {this is possible, but I still would
prefer White.}) 12. Nh4 $5 g6 (12... Ba3 {To exchange the b2-bishop and
prevent xg7 attack.} 13. d4 $14 (13. Bxa3 Qxa3 14. Rac1 $14 (14. cxd5 exd5 15.
d4)) (13. cxd5 $5 Bxb2 14. Qxb2 exd5 15. Ne2 g6 16. Nf4 Rfe8 17. Rac1 Qd6 18.
Rfd1)) 13. f4 $1 {A very strong move, now White is able to combine plans, of
g4-g5 or e4-e5. The e5-square is very weak now and f5 is coming in many lines.
Black faces a very hard task now.} c6 $1 {A suggestion by the computer. But it
misunderstands White's plan.} 14. e4 $1 dxe4 15. Nxe4 $1 {Three strong moves
in a row and White is really better now.} (15. dxe4 $2 {just gives blockading
possibilities to Black.} e5 16. f5 Bc5+ 17. Kh1 Rad8 18. Rad1 b5 $13) 15...
Nxe4 16. Bxe4 {The best! Now I just wouldn't know what to do with Black.
White's task is to press on a1-h8 diagonal and knight might come to f3-e5.
White is much better here I think.} (16. dxe4 e5 17. f5 Rad8 18. Bc1 {Maybe
White could regain a slight initiative, but I didnt want to close the position
at all and activate Black's pieces.}) 16... Nf6 $6 (16... Ba3 {It was
necessary to play this, to avoid the a1-h8 pressure. But still White is much
better.} 17. Bxa3 (17. d4 $5) 17... Qxa3 18. d4 a5 19. Rab1 {followed by
Nf3-e5 or Bg2-Nf3-e5 and h4-h5. I prefer White here.}) 17. Bg2 Rad8 18. Rad1 $1
{Natural and strong, preventing ...Bc5 due to d4 and supporting the b2 bishop
with one more useful square a1! Now there is no real advice for Black!} Rfe8
19. Ba1 $5 (19. Nf3 c5 20. Ne5 $14) 19... Rd7 20. Kh1 {Well it was possible to
start with Nf3 already. But I wasn't in a hurry. Now Qb2 becomes a threat as
Bc5-d4-Ba3 is not possible anymore, due to White's king position on h1 and
there is no check after Qb2 by Bc5 to close the a1-h8 diagonale.} (20. Nf3 $5
c5 21. Qb2 $18) 20... Nh5 $1 {What else?} 21. Qb2 f6 {Now it's hard to break
through here, but White can simply improve the position of all his pieces to
the maximum.} 22. d4 $1 Qf8 23. Nf3 Qh6 24. Kg1 {It was already very hard to
keep up the defence here with Black. c5 is threatened, Ne5 is coming,
sometimes b4-c5 xc6 and xb7 bishop. and so on.} c5 (24... Nxf4 25. gxf4 Bxf4
26. Rfe1 g5 27. h3 $18 {with Qe2 and Qe4 + d5 in the offing to follow.}) 25.
Ne5 $1 Bxg2 (25... Bxe5 $5 {with the idea of changing the style of the
position and ruining all the logic, was possible but still lost in many ways.}
26. dxe5 (26. fxe5 $16 Bxg2 27. Qxg2 Qe3+ 28. Qf2 $16) 26... Rxd1 27. Rxd1 Bxg2
28. Qxg2 (28. exf6 Bc6 29. Rd6 $1 Nxg3 30. Rxc6 e5 31. Qd2 (31. Rc7 $5 Rd8 32.
Qxe5 Rd1+ 33. Kg2 Rd2+ 34. Kf3 $18) 31... Qxf4 32. Qd5+ Kh8 33. hxg3 Qxg3+ 34.
Kf1 Qf4+ 35. Ke2 Qh2+ 36. Kd3 e4+ 37. Kc3 {and the king safely runs out of
checks with a winning position!}) 28... f5 29. Qc6 Ng7 30. Qxb6 g5 31. fxg5
Qxg5 32. Qxc5 f4 33. Qf2 Nh5 34. g4 Qxg4+ 35. Qg2 Ng3 36. Rd2 $18) 26. Nxd7 $1
{The best again, now Black's position is totally lost.} Bxf1 27. Rxf1 (27. Kxf1
Bxf4 $13) 27... Qg7 (27... g5 28. fxg5 Qxg5 29. Qf2 $18 (29. Kh1 $18) 29... Kf7
30. d5 e5 31. Nxb6 Rb8 32. Na4 Rg8 33. Nc3 $18) (27... Rd8 28. Qe2 $1 $18) 28.
Nxb6 (28. dxc5 Qxd7 29. cxd6 Qxd6 30. Qd4 $16) 28... g5 29. Qe2 $1 Nxg3 (29...
Qg6 30. Nd7 $18 {[%csl Rh5][%cal Ge2h5]}) 30. hxg3 gxf4 31. Qh5 $1 Rb8 32. Na4
cxd4 33. Bxd4 e5 34. Bf2 $1 fxg3 35. Be3 Qf7 {And here of course I had to be
more accurate! 36.Qf5 just wins immediately, White is much much better with
queens on the board, while without them I still had to solve some technical
problems.} 36. Qxf7+ $6 (36. Qf5 $18 {with a total finish! The knight comes to
e4 and game is over.}) 36... Kxf7 37. Kg2 Rg8 {c5 followed by c6 was quite
possible, but I didn't want to spoil all by one mistake in time trouble, so I
wanted to take g3 fast.} 38. Nc3 Ke6 39. Ne4 Be7 40. Bc5 Bd8 $1 41. Nxg3 f5 42.
Kh3 $1 f4 43. Ne4 Kf5 44. Re1 h5 45. b4 $18 Rg4 46. Bf2 Be7 47. c5 f3 48. c6
Bd8 (48... Rg6 49. c7 Rc6 50. Rc1 Rxc1 51. Nc5 $18) (48... Rg8 49. Bc5 Bd8 50.
Nd2 h4 51. Nxf3 Rg3+ 52. Kh2 Rxf3 53. Rd1 $18 {[%cal Od1d8,Gd1d7,Gc6c7]}) (
48... Bxb4 49. c7 Rg8 50. Rb1 $1 a5 51. a3 $18) 49. Rd1 $1 Bc7 50. Ng3+ Ke6 51.
Rd7 Bd6 52. Nxh5 (52. Bc5 Bxc5 53. bxc5 Rc4 (53... f2 54. Rd6+ Ke7 55. c7 Rxg3+
56. Kxg3 f1=Q 57. c8=Q Qe1+ 58. Kg2 Qe4+ 59. Kh2 {It's won, but why calculate
it?}) 54. Rd6+ Ke7 55. Rd5 {and c7 will decide.}) 52... Rc4 53. Ng7+ Kd5 54.
Bc5 {A very interesting, mostly positional game, I am happy about this
acheivement. I played interestingly in the middlegame phase I think.} 1-0

[Event "Elista FIDE GP"]
[Site "Elista"]
[Date "2008.12.28"]
[Round "13"]
[White "Grischuk, Alexander"]
[Black "Radjabov, Teimour"]
[Result "1/2-1/2"]
[WhiteElo "2719"]
[BlackElo "2751"]
[Annotator "Krasenkow,M"]
[PlyCount "193"]
[EventDate "2008.12.14"]
[EventType "tourn"]
[EventRounds "13"]
[EventCountry "RUS"]
[EventCategory "19"]
[SourceTitle "CBM 128"]
[Source "ChessBase"]
[SourceDate "2009.01.28"]
[SourceVersion "1"]
[SourceVersionDate "2009.01.28"]
[SourceQuality "1"]

1. d4 Nf6 2. Nf3 g6 3. c4 Bg7 4. Nc3 O-O 5. e4 d6 6. Be2 e5 7. O-O Nc6 8. d5
Ne7 9. b4 Nh5 10. Re1 f5 11. Ng5 Nf6 12. f3 Kh8 13. Ne6 Bxe6 14. dxe6 {The
ideas of this line were explained by GM T.Radjabov in his annotations to his
game vs. L.Van Wely (CBM 120), as well as annotations by GM E.Postny to the
same game and to Shirov - Radjabov from the same issue. You can find even more
explanations in the commentary to an earlier game Van Wely - Radjabov from CBM
111, annotated by GM V.Mikhalevski.} Re8 $5 $146 {[%mdl 8] A new idea - Black
decides that this move is necessary anyway to attack the e6 pawn.} (14... fxe4
$6 {was first played by Radjabov}) ({then he came to} 14... Nh5 {(see
above-mentioned games)}) ({but} 14... Nc6 {is the closest "ideological
relative" to Radjabov's novelty. This move was played in the following game:}
15. Nd5 (15. exf5 gxf5 16. Be3 Nxb4 $140 17. Rb1 {was probably what Teimour
didn't like here}) 15... Re8 16. exf5 gxf5 17. Bd3 (17. Bb2 Rxe6 18. Bd3 $36)
17... e4 18. fxe4 {1/2-1/2 Naumann,A-Chevelevitch,E/Bad Woerishofen 2008/CBM
122 Extra}) 15. Nd5 (15. exf5 {is now senseless due to} Nxf5) ({or} 15. Be3
fxe4 16. fxe4 Nc6 {and Black is OK.}) 15... fxe4 $1 (15... Nc6 16. exf5 gxf5
17. Bb2 Rxe6 18. Bd3 $36) 16. Nxf6 {White had some alternatives, which had
been definitely analysed by Teimour:} (16. fxe4 Nxe4 {e.g.} 17. Qc2 $5 Nxd5 18.
cxd5 Nc3 $5 19. Qxc3 e4) (16. Bg5 $5 Nexd5 17. cxd5 c6 $5) 16... Bxf6 17. fxe4
Nc6 18. Bg4 Nd4 19. Be3 c6 (19... Nxe6 {was quite possible although White's
compensation (better position of pieces) should be enough to survive after} 20.
Bxe6 Rxe6 21. Qd5 Qc8 22. Rf1 c6 23. Qd3) 20. Bxd4 exd4 {Opposite-coloured
bishops leave no doubt as to the outcome of the game (between top GMs, not
patzers!) but the "Sofia rule" demanded several dozen more senseless moves.}
21. Rf1 Rf8 22. Qd3 Qe7 23. Rf3 Bg7 24. Raf1 Rxf3 25. Rxf3 Rf8 26. Rxf8+ Qxf8
27. Qf3 h5 28. Qxf8+ Bxf8 29. Be2 Kg7 30. b5 Kf6 31. bxc6 bxc6 32. Bd3 Kxe6 {
An extra pawn is just a moral consolation for Black.} 33. Kf2 Ke5 34. Kf3 Bh6
35. h3 a5 36. a4 Bg5 37. Kg3 Bf4+ 38. Kf2 g5 39. Kf3 Bd2 40. Kg3 Bb4 41. Kf3
Bc3 42. Kg3 Bd2 43. Kf3 Bf4 44. Kf2 Ke6 45. Ke2 Kf6 46. Kf3 Bc1 47. Kf2 Ke5 48.
Kf3 Be3 49. Kg3 Bg1 50. Kf3 Bh2 51. g3 Bg1 52. Kg2 Be3 53. Kf3 Bd2 54. Ke2 Bb4
55. Kf2 Bc3 56. Ke2 Ke6 57. Kd1 Bb4 58. Ke2 Bc5 59. Kd2 Ke5 60. Ke2 Bb6 61. Kf3
Kf6 62. Ke2 Ke6 63. Bc2 Kf6 64. Bd3 Bc7 65. Kf2 Ke5 66. Kf3 Bd8 67. Ke2 Bf6 68.
Kf3 Ke6 69. Kf2 Ke5 70. Kf3 Bg7 71. Kf2 Bh6 72. Kf3 Bf8 73. Kf2 Be7 74. Kf3 Bd8
75. Ke2 Bb6 76. Kf3 Ba7 77. Ke2 Bc5 78. Kf3 Bb4 79. Kf2 Bd2 80. Ke2 Bc3 81. Kf2
h4 82. gxh4 gxh4 83. Kf3 Bd2 84. Kg4 Be1 85. Kf3 Bg3 86. Kg4 Ke6 87. Kf3 Kd7
88. Ke2 Bf4 89. Bc2 Kc7 90. Kd3 Be5 91. Bd1 Kb6 92. Bh5 Kc5 93. Be8 d5 94. exd5
cxd5 95. cxd5 Kxd5 96. Bf7+ Kc5 97. Ke4 1/2-1/2

[Event "Corus"]
[Site "Wijk aan Zee"]
[Date "2009.01.17"]
[Round "1"]
[White "Carlsen, Magnus"]
[Black "Radjabov, Teimour"]
[Result "1/2-1/2"]
[WhiteElo "2776"]
[BlackElo "2761"]
[Annotator "CB"]
[PlyCount "120"]
[EventDate "2009.01.17"]
[EventType "tourn"]
[EventRounds "13"]
[EventCountry "NED"]
[EventCategory "19"]
[SourceTitle "CBM 129"]
[Source "ChessBase"]
[SourceDate "2009.03.25"]
[SourceVersion "1"]
[SourceVersionDate "2009.03.25"]
[SourceQuality "1"]

1. e4 c5 2. Nf3 e6 3. g3 d5 4. exd5 exd5 5. d4 Nc6 6. Bg2 Bg4 7. O-O Be7 8.
dxc5 Bxc5 9. Qe1+ Be7 10. Ne5 Be6 11. c4 Nf6 12. Nc3 Rc8 13. cxd5 Nxd5 14. Bh6
({Spectacular, but it looks stronger to insert} 14. Bxd5 $1 Bxd5 {and only
then play} 15. Bh6 {after which Black has some serious problems to solve.})
14... Nxe5 ({Certainly not} 14... gxh6 $2 15. Nxd5 Bxd5 16. Rd1) 15. Rd1 gxh6
16. Qxe5 Bf6 17. Qe2 Bxc3 18. Bxd5 Qe7 19. Qb5+ Qd7 20. Qb3 Rc5 21. Bxe6 Qxe6
22. Qa3 b6 23. bxc3 O-O {After the complications, we reach a heavy piece
ending where the more exposed black king gives White some initiative, but
careful defence enables Radjabov to hold.} 24. Qxa7 Rxc3 25. Rfe1 Qf6 26. Qa4
Rc5 27. Re4 Rf5 28. Rg4+ Kh8 29. Qb4 Rc8 30. Rc4 Re8 31. Re4 Rc8 32. Re2 Rfc5
33. Re4 Rf5 34. Rde1 Rg8 35. Re8 Rfg5 36. R8e4 Rf5 37. R1e2 Qa1+ 38. Kg2 Qf6
39. a4 Qc6 40. Qb2+ Qf6 41. Rb4 Qxb2 42. Rexb2 Ra8 43. Rxb6 Rxa4 44. Rxh6 Kg7
45. Rd6 h6 46. f4 Rfa5 47. Rdd2 Ra6 48. Kh3 R6a5 49. Kh4 Ra6 50. Rbc2 R6a5 51.
Rf2 Ra6 52. Kh5 R4a5+ 53. f5 Rg6 54. g4 Ra3 55. Kh4 Rb6 56. h3 Rbb3 57. Rh2 Rf3
58. Rcf2 Rfe3 59. Rf1 Rab3 60. Rfh1 Rf3 1/2-1/2